000 00599nam a2200193 i 4500
001 bg
100 1 _aGULIŃSKI, Eugeniusz
245 0 _aLaboratorium podstaw konstrukcji maszyn /
_cE. Guliński.
260 _aKielce :
_bPolitechnika Świętokrzyska,
_c1986.
490 1 _aSkrypty Uczelniane Politechniki Świętokrzyskiej
650 9 _aMaszyny
_xbudowa i konstrukcje
655 _aPodręczniki akademickie
830 _aSkrypty Uczelniane Politechniki Świętokrzyskiej
040 _cBPK
041 _apol
080 _a621(075.8)
942 _cKS
008 s pl f |000 0 pol
999 _c3732
_d3732
856 _uhttp://koha.tu.koszalin.pl/cgi-bin/koha/opac-detail.pl?biblionumber=3732
_yKatalog online BPK